<?xml version="1.0" encoding="UTF-8"?>
<record
    xmlns:xsi="http://www.w3.org/2001/XMLSchema-instance"
    xsi:schemaLocation="http://www.loc.gov/MARC21/slim http://www.loc.gov/standards/marcxml/schema/MARC21slim.xsd"
    xmlns="http://www.loc.gov/MARC21/slim">

  <leader>01309nam a2200361 a 4500</leader>
  <controlfield tag="001">000109944</controlfield>
  <controlfield tag="003">CHAP</controlfield>
  <controlfield tag="005">20220329144110.0</controlfield>
  <controlfield tag="008">140612s2012    mx |   |r|   |||1|||spa|d</controlfield>
  <datafield tag="010" ind1=" " ind2=" ">
    <subfield code="a">106406</subfield>
  </datafield>
  <datafield tag="011" ind1=" " ind2=" ">
    <subfield code="a">107378</subfield>
  </datafield>
  <datafield tag="020" ind1=" " ind2=" ">
    <subfield code="a">9786074510508</subfield>
  </datafield>
  <datafield tag="040" ind1=" " ind2=" ">
    <subfield code="c">CHAP</subfield>
  </datafield>
  <datafield tag="082" ind1=" " ind2=" ">
    <subfield code="a">379.26</subfield>
    <subfield code="b">S58</subfield>
  </datafield>
  <datafield tag="100" ind1="1" ind2=" ">
    <subfield code="a">Silva Laya, Marisol</subfield>
    <subfield code="9">127291</subfield>
  </datafield>
  <datafield tag="245" ind1=" " ind2="3">
    <subfield code="a">El primer a&#xF1;o universitario entre j&#xF3;venes provenientes de sectores de pobreza :</subfield>
    <subfield code="b">un asunto de equidad /</subfield>
    <subfield code="c">por Marisol Silva Laya y Adriana Rodr&#xED;guez Fern&#xE1;ndez.</subfield>
  </datafield>
  <datafield tag="260" ind1=" " ind2=" ">
    <subfield code="a">M&#xE9;xico, D.F. :</subfield>
    <subfield code="b">ANUIES,</subfield>
    <subfield code="c">2012.</subfield>
  </datafield>
  <datafield tag="300" ind1=" " ind2=" ">
    <subfield code="a">175 P.</subfield>
  </datafield>
  <datafield tag="490" ind1=" " ind2=" ">
    <subfield code="a">Colecci&#xF3;n biblioteca de la educaci&#xF3;n superior</subfield>
  </datafield>
  <datafield tag="590" ind1=" " ind2=" ">
    <subfield code="a">BATCH-UPD</subfield>
    <subfield code="b">05</subfield>
    <subfield code="c">20140612</subfield>
    <subfield code="l">UCH01</subfield>
    <subfield code="h">1224</subfield>
  </datafield>
  <datafield tag="590" ind1=" " ind2=" ">
    <subfield code="a">E11695DGD</subfield>
    <subfield code="b">10</subfield>
    <subfield code="c">20140620</subfield>
    <subfield code="l">UCH01</subfield>
    <subfield code="h">1039</subfield>
  </datafield>
  <datafield tag="590" ind1=" " ind2=" ">
    <subfield code="a">E11695DGD</subfield>
    <subfield code="b">10</subfield>
    <subfield code="c">20140620</subfield>
    <subfield code="l">UCH01</subfield>
    <subfield code="h">1041</subfield>
  </datafield>
  <datafield tag="590" ind1=" " ind2=" ">
    <subfield code="a">E792CSJ</subfield>
    <subfield code="b">05</subfield>
    <subfield code="c">20140612</subfield>
    <subfield code="l">UCH01</subfield>
    <subfield code="h">1223</subfield>
  </datafield>
  <datafield tag="590" ind1=" " ind2=" ">
    <subfield code="a">E792CSJ</subfield>
    <subfield code="b">05</subfield>
    <subfield code="c">20140612</subfield>
    <subfield code="l">UCH01</subfield>
    <subfield code="h">1413</subfield>
  </datafield>
  <datafield tag="650" ind1="1" ind2="4">
    <subfield code="a">Estudiantes universitarios</subfield>
    <subfield code="x">Condiciones econ&#xF3;micas.</subfield>
    <subfield code="9">127292</subfield>
  </datafield>
  <datafield tag="650" ind1="1" ind2="4">
    <subfield code="a">Estudiantes universitarios</subfield>
    <subfield code="x">Condiciones sociales.</subfield>
    <subfield code="9">127293</subfield>
  </datafield>
  <datafield tag="650" ind1="1" ind2="4">
    <subfield code="a">Igualdad en la educaci&#xF3;n.</subfield>
    <subfield code="9">127294</subfield>
  </datafield>
  <datafield tag="700" ind1="1" ind2=" ">
    <subfield code="a">Rodr&#xED;guez Fern&#xE1;ndez, Adriana</subfield>
    <subfield code="9">127295</subfield>
  </datafield>
  <datafield tag="830" ind1="0" ind2=" ">
    <subfield code="a">Colecci&#xF3;n biblioteca de la educaci&#xF3;n superior</subfield>
    <subfield code="9">24718</subfield>
  </datafield>
  <datafield tag="901" ind1=" " ind2=" ">
    <subfield code="a">BK</subfield>
  </datafield>
  <datafield tag="942" ind1=" " ind2=" ">
    <subfield code="c">LIBRO</subfield>
  </datafield>
  <datafield tag="942" ind1=" " ind2=" ">
    <subfield code="n">0</subfield>
  </datafield>
  <datafield tag="999" ind1=" " ind2=" ">
    <subfield code="c">106406</subfield>
    <subfield code="d">106406</subfield>
  </datafield>
  <datafield tag="952" ind1=" " ind2=" ">
    <subfield code="0">0</subfield>
    <subfield code="1">0</subfield>
    <subfield code="2">ddc</subfield>
    <subfield code="4">0</subfield>
    <subfield code="5">2</subfield>
    <subfield code="7">0</subfield>
    <subfield code="8">GRAL</subfield>
    <subfield code="a">BC</subfield>
    <subfield code="b">BC</subfield>
    <subfield code="c">PA_GRAL</subfield>
    <subfield code="d">2014-06-12</subfield>
    <subfield code="f">LIBRO</subfield>
    <subfield code="l">0</subfield>
    <subfield code="o">379.26 S58</subfield>
    <subfield code="p">33724002353421</subfield>
    <subfield code="r">2019-12-31 00:00:00</subfield>
    <subfield code="w">2019-12-31</subfield>
    <subfield code="y">LIBRO</subfield>
  </datafield>
</record>
